Responses for Show #1729 - Thursday, February 20, 1992

Contestants

[<< previous game]

Ann Wright, an immunologist from Agua Dulce, California

Gary Vollen, a grad school admissions officer from Marina del Rey, California

Peter Gaffney, a writer originally from Endicott, New York (whose 1-day cash winnings total $10,500)

[next game >>]

Jeopardy! Round responses

SCIENCE FICTION
CHAIRS
DISNEY SONGS
U.S. HISTORY
COLORS
"CAT"CH WORDS
    $100 1
Invasion of the Body Snatchers

Peter
    $100 24
(Benjamin) Franklin

Peter
    $100 3
Mary Poppins

Peter
    $100 5
Yellowstone

Peter
    $100 13
green

Gary
    $100 18
a catalog

Gary
    $200 2
1985

Gary
    $200 25
ears

Peter
    $200 8
Pinocchio

Peter
    $200 7
Monticello

Gary
    $200 15
blue

Peter
    $200 19
a catnap

Peter
    $300 4
H.G. Wells

Ann
    $300 26
Italy

Gary
    $300 14
Cinderella

Peter
    $300 10
Florida

Peter
    $300 16
brown

Peter
    $300 21
a caterpillar

Ann
    $400 6
(Isaac) Asimov

Ann
    $400 29
Sleepy Hollow

Peter
    $400 27
Dumbo

Peter
    $600 11
Henry Clay

Peter
    $400 17
black

Ann
    $400 22
a catechism

Ann
    $500 9
Malamud

Gary
    $500 30
Windsor (chair)

Peter
    $500 28
(Gary: What is Songs of the South?)

Song of the South

PeterGary
    $500 12
Grant

Ann
    $500 20
mauve

Triple Stumper
    $500 23
Catalan

Ann

Scores at the first commercial break (after clue 14):

Peter Gary Ann
$1,700 $1,000 $1,200

Scores at the end of the Jeopardy! Round:

Peter Gary Ann
$4,500 $900 $2,800

Double Jeopardy! Round responses

DETROIT
THE RAILROAD
SPACE EXPLORATION
DEM BONES
LAW
THE ROYAL FAMILY
    $200 1
General Motors

Ann
    $200 4
the Orient Express

Peter
    $200 7
(Neil) Armstrong (or Buzz Aldrin or Michael Collins)

Gary
    $200 2
2

Gary
    $200 3
mutiny

Peter
    $200 12
Elizabeth II

Peter
    $400 22
stoves

Ann
    $400 5
electricity

Peter
    $400 8
Alan Shepard

Peter
    $400 17
the ribs

Peter
    $400 25
due process

Peter
    $400 13
Prince Andrew

Ann
    $600 23
John Jay

Ann
    $600 6
the (size of the) track (width)

Ann
    $2,000 9
(Peter: Who is John Kennedy?)

Dwight D. Eisenhower (Ike)

Peter
    $600 18
the clavicle

Ann
    $600 26
(Peter: What is the incineration of money?)

arson

PeterAnn
    $600 14
Diana

Ann
    $800 29
the War of 1812

Peter
    $2,000 20
(Peter: Ferro via.)

chemin de fer

Peter
    $800 10
the Johnson Space Center

Ann
    $800 19
(Ann: Uh, what are the... spinal, um... what are the...)

the vertebrae

PeterAnn
    $800 27
alias

Ann
    $800 15
(Ann: Who is Princess Margaret?)

Princess Anne (the Princess Royal)

GaryAnn
    $1000 30
the Scripps (family)

Triple Stumper
    $1000 21
(Peter: What is Germany?)
(Ann: What is England?)

Wales

PeterAnn
Triple Stumper
    $1000 11
(Peter: What is Apollo 12?)

the Apollo-Soyuz mission

Peter
Triple Stumper
    $1000 24
the phalanges

Triple Stumper
    $1000 28
presidential privilege (executive privilege)

Peter
    $1000 16
Princess Margaret

Ann

Scores at the end of the Double Jeopardy! Round:

Peter Gary Ann
$2,700 $2,100 $6,800
(lock game)

[wagering suggestions for these scores]

Final Jeopardy! Round responses

ARTISTS
(Alex: [Before revealing the responses] The implication in our clue is that the same images appeared time and time again in this artist's work.)
GaryWho is Pollack?
$1,450
PeterWho was Andy Warhol?
$1,500
AnnWho is Picasso
$800
Andy Warhol

Final scores:

Peter Gary Ann
$4,200 $650 $6,000
2nd place: Hotpoint refrigerator + Foodsaver vacuum packer + Jeopardy! home game or computerized version 3rd place: Flexsteel sofa + Jeopardy! home game or computerized version New champion: $6,000

Game dynamics:

Coryat scores:

Peter Gary Ann
$6,500 $2,100 $6,800
26 R
(including 1 DD),
5 W
(including 2 DDs)
9 R,
1 W
18 R,
3 W

Combined Coryat: $15,400

[game clues] [game scores] [suggest correction]

Game tape date: 1991-11-20
The J! Archive is created by fans, for fans. Scraping, republication, monetization, and malicious use prohibited; this site may use cookies and collect identifying information. See terms. The Jeopardy! game show and all elements thereof, including but not limited to copyright and trademark thereto, are the property of Jeopardy Productions, Inc. and are protected under law. This website is not affiliated with, sponsored by, or operated by Jeopardy Productions, Inc. Join the discussion at JBoard.tv.